000 01330cam a22002895a 4500
001 L158492
008 081030s2013 xxk f v 000 0 eng d
020 _a9781783210152
035 _a(Sirsi) u158492
041 0 _aeng
110 2 _aRoyal Institution of Chartered Surveyors
245 0 0 _aSustainability
_bImproving performance in existing buildings
_h[electronic resource]
250 _a1st ed.
260 _aLondon,
_bRICS,
_c2013
300 _a38 p.
490 0 _aRICS Guidance Note
_vGN (105/2013)
520 _aOutlines a road map for integrating sustainability into existing buildings and aims to assist building surveyors in explaining the appropriate options available to clients. Covers the initial appraisal, metrics, benchmarking and standards, concept design, detailed design and implementation, and completion (in use).
521 _aAdvanced
650 2 4 _aENERGY PERFORMANCE CERTIFICATES
650 2 4 _aENERGY ACT 2011
650 2 4 _aENERGY EFFICIENCY IN BUILDINGS
651 4 _aUnited Kingdom
690 _aSustainability
_96271
710 1 _aRoyal Institution of Chartered Surveyors
_bBuilding Surveying Faculty
856 4 1 _uhttps://www.isurv.com/downloads/file/5012/sustainability_improving_performance_in_existing_buildings
_zAvailable on iSurv (subscription required)
942 _n0
999 _c115343
_d115343